El factoring

Salvato in:
Dettagli Bibliografici
Autore principale: Rolin, Serge (Autore)
Natura: Libro
Lingua:spagnolo
Pubblicazione: Madrid Pirámide 1975
Soggetti:
Tags: Aggiungi Tag
Nessun Tag, puoi essere il primo ad aggiungerne!!

MARC

LEADER 00000nam a2200000 a 4500
001 UCQ1184
003 CL-VaPUC
008 980709e19750000SP |||||||||||||||||spa|d
082 0 4 |a 332.34  |b ROL  |2 21 
100 0 |a Rolin, Serge  |e author  |9 414846 
245 1 3 |a El factoring 
300 |a 222 p 
942 |c BK 
945 |d 19980709 00:00:00  |a cmena 
260 |a Madrid  |b Pirámide  |c 1975 
500 |a Apéndice: El factoring en España de Augusto de Gálvez-Cañero y Pidal 
650 0 |a Empresas   |9 255569 
650 7 |a COBRANZAS  |2 CL-VaPUC  |9 379969 
650 7 |a EMPRESAS PRIVADAS  |2 CL-VaPUC  |9 314122 
650 0 |a Costos   |9 261063 
650 0 |a Precios   |9 260787 
650 0 |a Factoring  |9 357443 
651 0 |a España  |9 254926 
583 |a last modification  |c 19980709 00:00:00  |k Rodrigo Vera 
999 |c 272188  |d 272186 
952 |0 0  |1 0  |4 0  |6 332_340000000000000_ROL_1975  |7 0  |8 A  |9 307065  |a BIBGIM  |b BIBGIM  |d 2019-11-20  |i 1437070  |l 1  |o 332.34 ROL 1975  |p 1437070  |r 2025-01-15  |s 2023-07-11  |w 2019-11-20  |y BK  |k COM